| 000 | 00341 a2200133 4500 | ||
|---|---|---|---|
| 003 | Nust | ||
| 005 | 20170207154037.0 | ||
| 040 | _cNust | ||
| 100 | _aCristina TURCU | ||
| 245 |
_aDevelopment and Implementation of RFID Technology (E-Book) _cCristina TURCU |
||
| 260 |
_aCroatia _bIn-Tech intechweb.org _c2009 |
||
| 300 | _aix,554.p | ||
| 651 | _aE-Book | ||
| 942 |
_2ddc _cBK |
||
| 999 |
_c192436 _d192436 |
||